000 01281nam0a22002771 4500
001 v19\rc\1929379
005 20251118180724.3
035 _a(NLR Aleph) 005014655
090 _a6524537
_c6524537
100 _a20251123 rusy50
101 0 _arus
102 _aRU
105 _ay z |||||
200 1 _aБессарабский потомственный дворянин Пантелеймон Викторович Синадино
_eНезависимый националист и член бессарабской партии центра. "Защитник" интересов населения Бессарабии в Государственной Думе третьего созыва
_e[Статьи]
210 _aКишинев
_cтип. газ. "Бессараб. жизнь"
_d1912
215 _a24 с.
_d24
311 _aОтт. из газ. "Бессараб. жизнь"
488 0 _12001#$aБессарабская жизнь
_tБессарабская жизнь
702 1 _aСинадино
_bП.В.
_gПантелеймон Викторович
_4570
801 0 _aRU
_bNLR
_gpsbo
801 0 _aRU
_bRuMoRGB
_2psbo
801 1 _aRU
_bProSoft-M
_2rusmarc
852 _aNLR
_j18.298.8.304
899 _aRuMoRGB
_jR 454/184
942 _cBOOK
980 _aNB